<?xml version="1.0" encoding="UTF-8"?>
<record
    xmlns:xsi="http://www.w3.org/2001/XMLSchema-instance"
    xsi:schemaLocation="http://www.loc.gov/MARC21/slim http://www.loc.gov/standards/marcxml/schema/MARC21slim.xsd"
    xmlns="http://www.loc.gov/MARC21/slim">

  <leader>00300nam a22001217a 4500</leader>
  <controlfield tag="008">200130b           ||||| |||| 00| 0 eng d</controlfield>
  <datafield tag="020" ind1=" " ind2=" ">
    <subfield code="a">9789352604555</subfield>
  </datafield>
  <datafield tag="082" ind1=" " ind2=" ">
    <subfield code="a">005.133 RAR</subfield>
  </datafield>
  <datafield tag="100" ind1=" " ind2=" ">
    <subfield code="a">RAKSHIT,Sandip</subfield>
  </datafield>
  <datafield tag="245" ind1=" " ind2=" ">
    <subfield code="a">R for Beginners</subfield>
  </datafield>
  <datafield tag="250" ind1=" " ind2=" ">
    <subfield code="a">Page-403</subfield>
  </datafield>
  <datafield tag="260" ind1=" " ind2=" ">
    <subfield code="a">Chennai </subfield>
    <subfield code="b">Tata McGrawHill</subfield>
    <subfield code="c">2017</subfield>
  </datafield>
  <datafield tag="999" ind1=" " ind2=" ">
    <subfield code="c">8441</subfield>
    <subfield code="d">8441</subfield>
  </datafield>
  <datafield tag="952" ind1=" " ind2=" ">
    <subfield code="0">0</subfield>
    <subfield code="1">0</subfield>
    <subfield code="2">ddc</subfield>
    <subfield code="4">0</subfield>
    <subfield code="6">005_133000000000000_RAR</subfield>
    <subfield code="7">0</subfield>
    <subfield code="8">MCA</subfield>
    <subfield code="9">48875</subfield>
    <subfield code="a">PIET</subfield>
    <subfield code="b">PIET</subfield>
    <subfield code="c">T02</subfield>
    <subfield code="d">2020-01-30</subfield>
    <subfield code="e">KIRTI PRAKASHAN NEW DELHI</subfield>
    <subfield code="f">IN Rupees</subfield>
    <subfield code="g">670.00</subfield>
    <subfield code="k">IN5959</subfield>
    <subfield code="l">6</subfield>
    <subfield code="o">005.133 RAR</subfield>
    <subfield code="p">31617</subfield>
    <subfield code="r">2024-11-04 00:00:00</subfield>
    <subfield code="s">2024-10-18</subfield>
    <subfield code="t">4</subfield>
    <subfield code="v">455.60</subfield>
    <subfield code="w">2020-01-03</subfield>
    <subfield code="y">BK</subfield>
  </datafield>
  <datafield tag="952" ind1=" " ind2=" ">
    <subfield code="0">0</subfield>
    <subfield code="1">0</subfield>
    <subfield code="2">ddc</subfield>
    <subfield code="4">0</subfield>
    <subfield code="6">005_133000000000000_RAR</subfield>
    <subfield code="7">0</subfield>
    <subfield code="8">MCA</subfield>
    <subfield code="9">48876</subfield>
    <subfield code="a">PIET</subfield>
    <subfield code="b">PIET</subfield>
    <subfield code="c">T02</subfield>
    <subfield code="d">2020-01-30</subfield>
    <subfield code="e">KIRTI PRAKASHAN NEW DELHI</subfield>
    <subfield code="f">IN Rupees</subfield>
    <subfield code="g">670.00</subfield>
    <subfield code="k">IN5959</subfield>
    <subfield code="l">4</subfield>
    <subfield code="o">005.133 RAR</subfield>
    <subfield code="p">31618</subfield>
    <subfield code="r">2024-11-04 00:00:00</subfield>
    <subfield code="s">2024-10-18</subfield>
    <subfield code="t">5</subfield>
    <subfield code="v">455.60</subfield>
    <subfield code="w">2020-01-03</subfield>
    <subfield code="y">BK</subfield>
  </datafield>
</record>
